000 01001nam2a22002531 4500
001 v19\rc\1997200
005 20251118181247.1
035 _a(NLR Aleph) 005073179
090 _a7117337
_c7117337
100 _a20080811d1915 u y0rusy50 ca
101 0 _arus
102 _aRU
105 _ay z |||||
200 0 _aЧ. 1
210 _d1915
215 _aIV, 371 с.
461 0 _1001v19\rc\1997199
_12001#$aУчебник алгебры$eКурс сред. учеб. заведений. Ч. 1-$fГ. Бархов$vЧ. 1
_1700#1$aБархов$bГ.И.$gГригорий Иванович
_97117331
_aБархов, Г.И.
_cМосква
_d1915
_fГ. Бархов
_nТ-во "Думнов, насл. бр. Салаевых"
_oКурс сред. учеб. заведений. Ч. 1-
_tУчебник алгебры
_vЧ. 1
801 0 _aRU
_bNLR
_gpsbo
801 0 _aRU
_bRuMoRGB
_2psbo
801 1 _aRU
_bProSoft-M
_2rusmarc
852 _aNLR
_jМт10/Б-5/21
899 _aRuMoRGB
_jW 530/1
942 _cBOOK
980 _aNB